[Event "Aeroflot Open 2015"]
[Site "Moscú RUS"]
[Date "2015.03.27"]
[Round "1.31"]
[White "Potkin, Vladimir"]
[Black "Tabatabaei, M.amin"]
[Result "1-0"]
[WhiteElo "2605"]
[BlackElo "2448"]
[PlyCount "41"]
[EventDate "2015.03.27"]
[EventType "swiss"]
[EventRounds "9"]
[EventCountry "RUS"]
[Source "lmi"]
[SourceDate "2015.03.27"]

1. c4 Nf6 2. Nc3 e5 3. Nf3 Nc6 4. g3 Bc5 5. Bg2 d6 6. O-O a6 7. e3 O-O 8. b3
Ba7 9. Qc2 Re8 10. Bb2 h6 11. Nh4 Bd7 12. a3 Qc8 13. f4 Nd4 14. Qd3 Nxb3 15.
fxe5 Ng4 16. Nd5 Nc5 17. Qc2 dxe5 18. Rxf7 Kxf7 19. Qh7 Ke6 20. Nf5 Na4 21.
Nxc7+ 1-0

[Event "Aeroflot Open 2015"]
[Site "Moscú RUS"]
[Date "2015.03.27"]
[Round "1.32"]
[White "Swayams, Mishra"]
[Black "Salem, A.R. Saleh"]
[Result "1/2-1/2"]
[WhiteElo "2440"]
[BlackElo "2603"]
[PlyCount "82"]
[EventDate "2015.03.27"]
[EventType "swiss"]
[EventRounds "9"]
[EventCountry "RUS"]
[Source "lmi"]
[SourceDate "2015.03.27"]

1. d4 Nf6 2. c4 g6 3. Nc3 d5 4. Nf3 Bg7 5. Bf4 O-O 6. e3 c5 7. dxc5 Qa5 8. Rc1
Nbd7 9. Qa4 Qxc5 10. b4 Qc6 11. Qxc6 bxc6 12. cxd5 cxd5 13. Nb5 Ba6 14. Be2 Ne4
15. Nc7 Bxe2 16. Kxe2 Nc3+ 17. Rxc3 Bxc3 18. Nxa8 Rxa8 19. b5 a6 20. Rc1 Ba5
21. bxa6 Rxa6 22. Ne5 Nxe5 23. Bxe5 f6 24. Bb2 Bb4 25. a3 Bd6 26. Kd3 Kf7 27.
Ra1 Ra4 28. h3 Ke6 29. Kc2 Kd7 30. Kb3 Ra8 31. a4 Rb8+ 32. Kc2 h5 33. Rd1 Kc6
34. Bc3 h4 35. Rb1 Ra8 36. a5 Bc5 37. Kd3 e5 38. f3 Rd8 39. Rb2 Re8 40. e4 Rd8
41. exd5+ Kxd5 1/2-1/2

[Event "Aeroflot Open 2015"]
[Site "Moscú RUS"]
[Date "2015.03.27"]
[Round "1.33"]
[White "Goganov, Aleksey"]
[Black "Kovalevskaya, Ekaterina"]
[Result "1/2-1/2"]
[WhiteElo "2598"]
[BlackElo "2438"]
[PlyCount "79"]
[EventDate "2015.03.27"]
[EventType "swiss"]
[EventRounds "9"]
[EventCountry "RUS"]
[Source "lmi"]
[SourceDate "2015.03.27"]

1. d4 d5 2. c4 e6 3. Nc3 Nf6 4. cxd5 exd5 5. Bg5 c6 6. Qc2 Be6 7. e3 Nbd7 8.
Bd3 h6 9. Bh4 g5 10. Bg3 Nh5 11. Nge2 Nxg3 12. Nxg3 Nf6 13. Bf5 Qd7 14. h4 g4
15. Bxe6 fxe6 16. e4 dxe4 17. Ngxe4 Nxe4 18. Qxe4 O-O-O 19. Qxg4 Bg7 20. O-O-O
Bxd4 21. Ne2 e5 22. Qxd7+ Rxd7 23. Nxd4 exd4 24. Rhe1 c5 25. Re5 b6 26. Rde1
Rf7 27. f3 Kd7 28. b4 Rg8 29. R1e2 Rf4 30. bxc5 Rxh4 31. Kd2 bxc5 32. Rxc5 Rh2
33. g4 Rxe2+ 34. Kxe2 Re8+ 35. Kd3 Re3+ 36. Kxd4 Rxf3 37. Ke5 Ra3 38. Rc2 Ra6
39. Kf5 Ke7 40. Rb2 1/2-1/2

[Event "Aeroflot Open 2015"]
[Site "Moscú RUS"]
[Date "2015.03.27"]
[Round "1.34"]
[White "Korobkov, Piotr"]
[Black "Shimanov, Aleksandr"]
[Result "1/2-1/2"]
[WhiteElo "2423"]
[BlackElo "2594"]
[PlyCount "74"]
[EventDate "2015.03.27"]
[EventType "swiss"]
[EventRounds "9"]
[EventCountry "RUS"]
[Source "lmi"]
[SourceDate "2015.03.27"]

1. d4 e6 2. Nf3 Nf6 3. g3 b5 4. Bg2 d5 5. b3 Bb7 6. c4 bxc4 7. bxc4 dxc4 8.
Qa4+ Nbd7 9. O-O Bd6 10. Qxc4 O-O 11. Nc3 Nb6 12. Qd3 c5 13. Bg5 Rc8 14. Bxf6
Qxf6 15. Ng5 Qxg5 16. Bxb7 c4 17. Qc2 Rc7 18. Bg2 Bb4 19. a3 Bxc3 20. Qxc3 Rfc8
21. Rfc1 h6 22. Rab1 Qe7 23. Rc2 Qd7 24. Rbc1 Qa4 25. Qb4 Qa6 26. e4 Rd8 27. d5
exd5 28. exd5 Nxd5 29. Bxd5 Rxd5 30. Rxc4 Rxc4 31. Rxc4 Rb5 32. Qe1 Rb8 33. Qc1
Qe6 34. Rc6 Qf5 35. Rc5 Qe6 36. Rc6 Qg4 37. Rc4 Qe6 1/2-1/2

[Event "Aeroflot Open 2015"]
[Site "Moscú RUS"]
[Date "2015.03.27"]
[Round "1.36"]
[White "Abdumalik, Zhansaya"]
[Black "Bok, Benjamin"]
[Result "0-1"]
[WhiteElo "2379"]
[BlackElo "2587"]
[PlyCount "108"]
[EventDate "2015.03.27"]
[EventType "swiss"]
[EventRounds "9"]
[EventCountry "RUS"]
[Source "lmi"]
[SourceDate "2015.03.27"]

1. e4 e5 2. Nf3 Nc6 3. Bb5 a6 4. Ba4 Nf6 5. O-O Be7 6. Re1 b5 7. Bb3 d6 8. c3
O-O 9. h3 Na5 10. Bc2 c5 11. d4 Nd7 12. Nbd2 exd4 13. cxd4 Nc6 14. d5 Nce5 15.
Nxe5 Nxe5 16. f4 Ng6 17. Nf3 f5 18. e5 Bb7 19. e6 Ra7 20. Be3 Qa8 21. Bb3 c4
22. Qd4 cxb3 23. axb3 Bxd5 24. Qxa7 Bxf3 25. Qxa8 Bxa8 26. Rxa6 Rb8 27. g3 Bd5
28. b4 h5 29. Ra7 Rc8 30. Rc1 Re8 31. Ra5 Rb8 32. Re1 Rb7 33. Ra7 Rxa7 34. Bxa7
Nf8 35. Rc1 Nxe6 36. Rc8+ Kf7 37. Rb8 Bc6 38. Be3 d5 39. Rb6 Be8 40. Rb7 Kf8
41. Bd2 Bf6 42. Bc1 Bc6 43. Rb8+ Ke7 44. Kf1 Bd4 45. g4 hxg4 46. hxg4 fxg4 47.
f5 Nd8 48. b3 Kd7 49. Bg5 Bf6 50. Bf4 d4 51. Ke2 Nf7 52. Rb6 Nd6 53. Ra6 Nxf5
54. Ra7+ Ke6 0-1

[Event "Aeroflot Open 2015"]
[Site "Moscú RUS"]
[Date "2015.03.28"]
[Round "2.5"]
[White "Sasikiran, Krishnan"]
[Black "Potkin, Vladimir"]
[Result "1-0"]
[WhiteElo "2682"]
[BlackElo "2605"]
[PlyCount "161"]
[EventDate "2015.03.27"]
[EventType "swiss"]
[EventRounds "9"]
[EventCountry "RUS"]
[Source "lmi"]
[SourceDate "2015.03.27"]

1. Nf3 d5 2. g3 g6 3. Bg2 Bg7 4. d4 Nf6 5. O-O O-O 6. c4 c6 7. Qb3 Qb6 8. Nc3
Rd8 9. Re1 h6 10. c5 Qxb3 11. axb3 Na6 12. Bf4 g5 13. Be5 Bf8 14. Bxf6 exf6 15.
Ra4 Nc7 16. b4 Be6 17. e3 h5 18. h4 Be7 19. Bf1 a6 20. Bd3 Kg7 21. Kg2 Rh8 22.
Rh1 Rad8 23. Raa1 Ne8 24. Nb1 Kf8 25. Nbd2 Ng7 26. Nb3 Rd7 27. b5 cxb5 28. c6
bxc6 29. Rxa6 Rc7 30. Rc1 Bd7 31. Bxb5 Rb7 32. Ra8+ Ne8 33. Bxc6 Bxc6 34. Rxc6
Rxb3 35. Rcc8 Kg7 36. Rxe8 Rxe8 37. Rxe8 Rb7 38. b3 Kg6 39. Kf1 Kf5 40. Kg2 Kg6
41. hxg5 fxg5 42. Ne5+ Kg7 43. Nc6 Ba3 44. Rb8 Rxb8 45. Nxb8 Kf6 46. Na6 Bd6
47. b4 Ke7 48. Nc5 Bc7 49. Kf3 f5 50. Kg2 Kd6 51. Nd3 Ke6 52. b5 Kd6 53. Kf1
Bd8 54. Ne5 Ke6 55. Nc6 Bc7 56. Kg2 Kd6 57. Nb4 Ba5 58. Nd3 Bc7 59. Nc5 Bb6 60.
Na4 Bd8 61. Kh2 Kc7 62. Kh3 Kd6 63. Nc5 Bb6 64. Nd3 Bd8 65. Ne5 Kc7 66. Nc6 g4+
67. Kg2 h4 68. gxh4 Bxh4 69. Nb4 Kb6 70. Nxd5+ Kxb5 71. Nf4 Kc6 72. f3 gxf3+
73. Kxf3 Kd6 74. Nh5 Bg5 75. Ng7 f4 76. e4 Ke7 77. Nh5 Kd6 78. Nxf4 Bf6 79. Ke3
Bg7 80. Kd3 Bf6 81. Ng6 1-0

[Event "Aeroflot Open 2015"]
[Site "Moscú RUS"]
[Date "2015.03.28"]
[Round "2.6"]
[White "Vidit, Santosh Gujrathi"]
[Black "Fedoseev, Vladimir"]
[Result "1/2-1/2"]
[WhiteElo "2625"]
[BlackElo "2674"]
[PlyCount "37"]
[EventDate "2015.03.27"]
[EventType "swiss"]
[EventRounds "9"]
[EventCountry "RUS"]
[Source "lmi"]
[SourceDate "2015.03.27"]

1. d4 Nf6 2. c4 g6 3. f3 d5 4. cxd5 Nxd5 5. e4 Nb6 6. Nc3 Bg7 7. Be3 O-O 8. Qd2
Nc6 9. O-O-O Qd6 10. Kb1 Rd8 11. Nb5 Qd7 12. d5 a6 13. dxc6 Qxd2 14. Rxd2 Rxd2
15. Bxd2 axb5 16. cxb7 Bxb7 17. Bxb5 f5 18. exf5 Bd5 19. Ne2 1/2-1/2

[Event "Aeroflot Open 2015"]
[Site "Moscú RUS"]
[Date "2015.03.28"]
[Round "2.7"]
[White "Ponkratov, Pavel"]
[Black "Petrosian, Tigran L"]
[Result "1-0"]
[WhiteElo "2613"]
[BlackElo "2671"]
[PlyCount "153"]
[EventDate "2015.03.27"]
[EventType "swiss"]
[EventRounds "9"]
[EventCountry "RUS"]
[Source "lmi"]
[SourceDate "2015.03.27"]

1. d4 d6 2. e4 g6 3. Nc3 Bg7 4. Be3 a6 5. Qd2 b5 6. f3 Nd7 7. O-O-O Bb7 8. Kb1
Rc8 9. h4 h6 10. Nh3 Nb6 11. Bd3 Nf6 12. Nf4 Nfd7 13. e5 e6 14. d5 Nxd5 15.
Ncxd5 Bxd5 16. Nxd5 exd5 17. exd6 Qf6 18. c3 Qxd6 19. Rhe1 Kf8 20. h5 c6 21.
Bf4 Qf6 22. g4 g5 23. Bg3 Nb6 24. Qf2 Na4 25. Qh2 Kg8 26. Bf5 Rf8 27. Be5 Qd8
28. Bd6 a5 29. Re3 Re8 30. Bc7 Qa8 31. Rde1 Rxe3 32. Rxe3 Bf6 33. Be5 Qd8 34.
Bxf6 Qxf6 35. Qc7 Kf8 36. Qa7 Qd6 37. Qd4 Rg8 38. Re5 Qc5 39. Bd7 Qxd4 40. cxd4
Nb6 41. Bxc6 f6 42. Rf5 Ke7 43. Bxd5 Rd8 44. Bc6 Rxd4 45. Rxb5 Nc4 46. Kc2 Ne3+
47. Kc3 Rc4+ 48. Kd3 Rxc6 49. Kxe3 a4 50. a3 Rc2 51. f4 gxf4+ 52. Kxf4 Ke6 53.
Rb6+ Kf7 54. Rb4 Ke6 55. Ke4 Rh2 56. Kd4 f5 57. Rb6+ Kf7 58. gxf5 Rxh5 59. Ke5
Rh2 60. Rb7+ Ke8 61. Kf6 h5 62. Rb4 Kd7 63. Kf7 h4 64. Rxa4 h3 65. Rh4 Rf2 66.
f6 h2 67. b4 Kd6 68. Rh5 Kd7 69. a4 Kc6 70. Ke7 Re2+ 71. Kf8 Rf2 72. f7 Kb6 73.
Rh6+ Kb7 74. a5 Ka7 75. b5 Kb7 76. Rh7 Kc7 77. Kg8 1-0

[Event "Aeroflot Open 2015"]
[Site "Moscú RUS"]
[Date "2015.03.28"]
[Round "2.8"]
[White "Bok, Benjamin"]
[Black "Kovalenko, Igor"]
[Result "1/2-1/2"]
[WhiteElo "2587"]
[BlackElo "2661"]
[PlyCount "132"]
[EventDate "2015.03.27"]
[EventType "swiss"]
[EventRounds "9"]
[EventCountry "RUS"]
[Source "lmi"]
[SourceDate "2015.03.27"]

1. e4 e5 2. Nf3 Nc6 3. Bb5 Nf6 4. d3 Bc5 5. c3 O-O 6. O-O d6 7. Nbd2 Ne7 8. d4
exd4 9. cxd4 Bb6 10. Re1 Bg4 11. h3 Bh5 12. a3 a6 13. Ba4 Kh8 14. g4 Bg6 15.
Bc2 d5 16. e5 Nfg8 17. Nb3 Nc6 18. Bxg6 fxg6 19. Be3 h6 20. Kg2 Nge7 21. Qd3
Qd7 22. Ng1 g5 23. Ne2 Nd8 24. f4 gxf4 25. Nxf4 Ne6 26. Rf1 Kg8 27. Rf2 Nxf4+
28. Bxf4 Qb5 29. Rd1 Qxd3 30. Rxd3 Nc6 31. Be3 Rxf2+ 32. Kxf2 Nd8 33. Nc1 Ne6
34. Ne2 Rf8+ 35. Kg2 Rf7 36. Rd1 c6 37. Kg3 Bd8 38. h4 Bxh4+ 39. Kxh4 Rf3 40.
Bxh6 gxh6 41. Ng3 Kh7 42. Nf5 Nf4 43. Rh1 a5 44. Rh2 a4 45. Rh1 Ne6 46. Rh3 Rb3
47. Rxb3 axb3 48. Kg3 Kg6 49. Nh4+ Kf7 50. Nf5 Kg6 51. Nh4+ Kg7 52. Nf5+ Kh7
53. a4 b6 54. Kf3 c5 55. Ke3 cxd4+ 56. Kd3 Kg6 57. Nxd4 Nc5+ 58. Kc3 Nxa4+ 59.
Kxb3 Nc5+ 60. Kb4 Nd3+ 61. Kb5 Nxe5 62. Kxb6 Nxg4 63. Kc5 Nf6 64. b4 h5 65. b5
h4 66. b6 Nd7+ 1/2-1/2

[Event "Aeroflot Open 2015"]
[Site "Moscú RUS"]
[Date "2015.03.28"]
[Round "2.9"]
[White "Lu, Shanglei"]
[Black "Zvjaginsev, Vadim"]
[Result "1/2-1/2"]
[WhiteElo "2570"]
[BlackElo "2658"]
[PlyCount "71"]
[EventDate "2015.03.27"]
[EventType "swiss"]
[EventRounds "9"]
[EventCountry "RUS"]
[Source "lmi"]
[SourceDate "2015.03.27"]

1. e4 e6 2. d4 d5 3. Nd2 c5 4. Ngf3 Nc6 5. exd5 exd5 6. Bb5 Qe7+ 7. Be2 Nf6 8.
O-O Qc7 9. Re1 cxd4 10. Bb5+ Be7 11. Qe2 Bg4 12. Qe5 Qxe5 13. Nxe5 Bd7 14. Bxc6
bxc6 15. Nd3 Bf5 16. Nb3 Bxd3 17. cxd3 Kd7 18. Nxd4 Bb4 19. Rd1 Rhe8 20. Bd2
Bc5 21. Bc3 Bb6 22. Rac1 Rac8 23. h3 c5 24. Nb3 Re6 25. Kf1 Ne8 26. d4 c4 27.
Nc5+ Bxc5 28. dxc5 Kc6 29. b3 cxb3 30. axb3 Rb8 31. b4 Nc7 32. Ra1 a6 33. Bxg7
Rxb4 34. Bf8 d4 35. Bd6 Kd7 36. g4 1/2-1/2

[Event "Aeroflot Open 2015"]
[Site "Moscú RUS"]
[Date "2015.03.28"]
[Round "2.11"]
[White "Van Foreest, Jorden"]
[Black "Kobalia, Mikhail"]
[Result "1-0"]
[WhiteElo "2493"]
[BlackElo "2632"]
[PlyCount "83"]
[EventDate "2015.03.27"]
[EventType "swiss"]
[EventRounds "9"]
[EventCountry "RUS"]
[Source "lmi"]
[SourceDate "2015.03.27"]

1. c4 e5 2. Nc3 Bb4 3. Nd5 Bc5 4. e3 Nc6 5. Ne2 Nf6 6. d4 exd4 7. exd4 Be7 8.
Nec3 O-O 9. Be2 Nxd5 10. Nxd5 Re8 11. Nxe7+ Qxe7 12. Be3 d5 13. b3 Qh4 14. Qd2
Bg4 15. cxd5 Bxe2 16. dxc6 Ba6 17. O-O-O bxc6 18. Kb2 Bc8 19. Rc1 Bd7 20. Qa5
Rec8 21. Rc5 Qe4 22. Rhc1 Qxg2 23. Rg5 Qe4 24. Rcg1 g6 25. Re5 Qh4 26. Qd2 Re8
27. Bg5 Qxh2 28. Rg3 f6 29. Bxf6 Rf8 30. Qf4 Rxf6 31. Qxf6 Qh6 32. Reg5 Be8 33.
Qe6+ Bf7 34. Qxc6 Re8 35. Qxc7 Re2+ 36. Ka3 Rxf2 37. Rg2 Rxg2 38. Rxg2 Qe3 39.
d5 Qd4 40. d6 a5 41. Qc8+ Kg7 42. d7 1-0

[Event "Aeroflot Open 2015"]
[Site "Moscú RUS"]
[Date "2015.03.28"]
[Round "2.14"]
[White "Grachev, Boris"]
[Black "Oparin, Grigoriy"]
[Result "1-0"]
[WhiteElo "2673"]
[BlackElo "2562"]
[PlyCount "129"]
[EventDate "2015.03.27"]
[EventType "swiss"]
[EventRounds "9"]
[EventCountry "RUS"]
[Source "lmi"]
[SourceDate "2015.03.27"]

1. c4 e6 2. Nf3 d5 3. d4 Nf6 4. g3 dxc4 5. Qa4+ Bd7 6. Qxc4 b5 7. Qc2 Na6 8.
Bg2 c5 9. O-O Rc8 10. Qd1 Bc6 11. a4 b4 12. Qd3 Qb6 13. Nbd2 Qb7 14. Nb3 Bd5
15. Qb5+ Qxb5 16. axb5 Nc7 17. Nxc5 Nxb5 18. Be3 Bd6 19. Ra5 Rb8 20. Ne5 Bc7
21. Ra4 Bxg2 22. Kxg2 Bxe5 23. dxe5 Nd5 24. Bd2 Rc8 25. Rc1 O-O 26. e4 Ndc3 27.
bxc3 Rxc5 28. cxb4 Rxc1 29. Bxc1 Rc8 30. Be3 Rc4 31. Bc5 h5 32. Ra5 Nc3 33. f3
g5 34. Be7 Rd4 35. Bxg5 Rxb4 36. Rxa7 Rb2+ 37. Kh3 Kg7 38. Ra8 Kg6 39. Rg8+ Kh7
40. Rd8 Kg6 41. Bd2 Nb1 42. Bf4 Rb3 43. Kg2 Rb2+ 44. Kh3 Rb3 45. Rg8+ Kh7 46.
Rg5 Rxf3 47. Rxh5+ Kg6 48. Rg5+ Kh7 49. Rh5+ Kg6 50. Rh6+ Kg7 51. Rh4 Rf2 52.
Bh6+ Kg6 53. Bf8 Nd2 54. Kg4 f5+ 55. exf6 Nxe4 56. Rh6+ Kf7 57. Be7 Rf5 58. Rh5
Rf1 59. Rh7+ Kg6 60. Rg7+ Kh6 61. Kh3 e5 62. g4 Rf3+ 63. Kg2 Rf2+ 64. Kg1 Rf3
65. g5+ 1-0

[Event "Aeroflot Open 2015"]
[Site "Moscú RUS"]
[Date "2015.03.28"]
[Round "2.15"]
[White "Sjugirov, Sanan"]
[Black "Stupak, Kirill"]
[Result "1/2-1/2"]
[WhiteElo "2669"]
[BlackElo "2567"]
[PlyCount "55"]
[EventDate "2015.03.27"]
[EventType "swiss"]
[EventRounds "9"]
[EventCountry "RUS"]
[Source "lmi"]
[SourceDate "2015.03.27"]

1. d4 Nf6 2. c4 e6 3. Nf3 b6 4. g3 Bb7 5. Bg2 Be7 6. O-O O-O 7. Nc3 Ne4 8. Bd2
Bf6 9. Ne5 Nxc3 10. Bxc3 Bxg2 11. Kxg2 c5 12. dxc5 bxc5 13. Qd6 Qb6 14. Rad1
Qxd6 15. Rxd6 Be7 16. Rd2 d6 17. Nd3 Nc6 18. e4 Rfd8 19. Rfd1 Kf8 20. f4 a5 21.
g4 Bf6 22. e5 dxe5 23. Nxe5 Rxd2+ 24. Rxd2 Bxe5 25. fxe5 Nb4 26. b3 Ke7 27. a3
Nc6 28. Rd6 1/2-1/2

[Event "Aeroflot Open 2015"]
[Site "Moscú RUS"]
[Date "2015.03.28"]
[Round "2.16"]
[White "Mamedov, Rauf"]
[Black "Wagner, Dennis"]
[Result "1-0"]
[WhiteElo "2658"]
[BlackElo "2549"]
[PlyCount "85"]
[EventDate "2015.03.27"]
[EventType "swiss"]
[EventRounds "9"]
[EventCountry "RUS"]
[Source "lmi"]
[SourceDate "2015.03.27"]

1. Nf3 Nf6 2. g3 c5 3. Bg2 Nc6 4. O-O e5 5. c4 d5 6. cxd5 Nxd5 7. Nc3 Nc7 8. d3
Be7 9. Be3 O-O 10. Nd2 Bd7 11. a4 Kh8 12. a5 Rc8 13. Qb3 Rb8 14. Rfc1 Ne6 15.
Nc4 Ned4 16. Qd1 b5 17. axb6 axb6 18. Bxd4 exd4 19. Nd5 Bg5 20. f4 Be7 21. Ra6
b5 22. Nd2 Nb4 23. Nxb4 cxb4 24. Nf3 Bf6 25. Qd2 Re8 26. Ra7 b3 27. Ne5 Bxe5
28. fxe5 Be6 29. Qf4 Qb6 30. Rac7 h6 31. Be4 Qa5 32. Kf2 Kg8 33. R1c6 Rf8 34.
Kg2 Qe1 35. Bf3 Rbd8 36. Rxe6 fxe6 37. Qg4 Rf7 38. Qxe6 Rdf8 39. Rxf7 Rxf7 40.
Qe8+ Rf8 41. Bd5+ Kh7 42. Qxf8 Qxe2+ 43. Qf2 1-0

[Event "Aeroflot Open 2015"]
[Site "Moscú RUS"]
[Date "2015.03.28"]
[Round "2.17"]
[White "Motylev, Alexander"]
[Black "Mozharov, Mikhail"]
[Result "1-0"]
[WhiteElo "2653"]
[BlackElo "2555"]
[PlyCount "69"]
[EventDate "2015.03.27"]
[EventType "swiss"]
[EventRounds "9"]
[EventCountry "RUS"]
[Source "lmi"]
[SourceDate "2015.03.27"]

1. e4 e5 2. Nf3 Nc6 3. Bb5 a6 4. Ba4 Nge7 5. O-O g6 6. c3 Bg7 7. d4 exd4 8.
cxd4 b5 9. Bc2 O-O 10. d5 Na5 11. Nbd2 d6 12. Rb1 c5 13. b3 Kh8 14. Re1 Ng8 15.
h3 Nf6 16. Nf1 Kg8 17. Bg5 Qb6 18. Qd2 Nd7 19. Bh6 Ne5 20. N3h2 Bxh6 21. Qxh6
c4 22. Ne3 f6 23. Kh1 Ra7 24. b4 Nb7 25. f4 Nf7 26. Qh4 Kg7 27. Nf5+ gxf5 28.
exf5 Nbd8 29. Ng4 Qd4 30. Re4 Qc3 31. Re3 Qd4 32. Rbe1 Qxf4 33. Qxf6+ Kg8 34.
Rf3 Qg5 35. Nh6+ 1-0

[Event "Aeroflot Open 2015"]
[Site "Moscú RUS"]
[Date "2015.03.28"]
[Round "2.18"]
[White "Ankit, R. Rajpara"]
[Black "Khismatullin, Denis"]
[Result "0-1"]
[WhiteElo "2477"]
[BlackElo "2650"]
[PlyCount "96"]
[EventDate "2015.03.27"]
[EventType "swiss"]
[EventRounds "9"]
[EventCountry "RUS"]
[Source "lmi"]
[SourceDate "2015.03.27"]

1. d4 Nf6 2. c4 b6 3. Nc3 Bb7 4. Qc2 d5 5. cxd5 Nxd5 6. Nf3 Nxc3 7. bxc3 Nd7 8.
e4 e5 9. dxe5 Qe7 10. Bf4 O-O-O 11. Bc4 h6 12. O-O g5 13. Bg3 Bg7 14. Bd5 Bxe5
15. Qa4 Bxg3 16. hxg3 Nf6 17. Bxb7+ Kxb7 18. e5 Qd7 19. Qc2 Nd5 20. Rad1 Qe6
21. Rfe1 Ne7 22. c4 Nc6 23. Qe4 f5 24. Qc2 Rhe8 25. c5 b5 26. a4 b4 27. Qb2 a5
28. Qe2 Ka7 29. Qb5 Rb8 30. Qe2 Red8 31. Rxd8 Rxd8 32. Qb5 Rb8 33. Qd3 Rd8 34.
Qb5 Qd5 35. e6 Rb8 36. Qe2 Re8 37. Qe3 Re7 38. Kh2 Kb7 39. Kg1 Qc4 40. Kh2 Re8
41. Nd2 Qc3 42. Qxc3 bxc3 43. Nc4 c2 44. Rc1 Nb4 45. Nxa5+ Ka8 46. Nb3 Rxe6 47.
Kg1 Re4 48. f3 Re3 0-1

[Event "Aeroflot Open 2015"]
[Site "Moscú RUS"]
[Date "2015.03.28"]
[Round "2.19"]
[White "Iturrizaga Bonelli, Eduardo"]
[Black "Sanal, Vahap"]
[Result "1/2-1/2"]
[WhiteElo "2630"]
[BlackElo "2487"]
[PlyCount "105"]
[EventDate "2015.03.27"]
[EventType "swiss"]
[EventRounds "9"]
[EventCountry "RUS"]
[Source "lmi"]
[SourceDate "2015.03.27"]

1. Nf3 Nf6 2. c4 e6 3. Nc3 b6 4. g3 Bb7 5. Bg2 Be7 6. O-O O-O 7. b3 c5 8. Bb2
d5 9. e3 Nc6 10. Qe2 Rc8 11. Rfd1 d4 12. exd4 cxd4 13. Nb5 d3 14. Qf1 Qd7 15.
Rac1 Rfd8 16. Re1 Bc5 17. Ng5 h6 18. Bxf6 gxf6 19. Ne4 Kg7 20. Nxc5 bxc5 21.
Re3 a6 22. Nc3 Nb4 23. Bxb7 Qxb7 24. f4 f5 25. Qg2 Qd7 26. g4 fxg4 27. Qxg4+
Kh7 28. Ne4 Rg8 29. Nf6+ Kh8 30. Nxd7 Rxg4+ 31. Rg3 Rxf4 32. a3 Nc2 33. Rf1
Rxf1+ 34. Kxf1 Nxa3 35. Rxd3 Nc2 36. Ne5 f6 37. Ng4 Kg7 38. Rd6 Nd4 39. b4 Nf5
40. Rxe6 cxb4 41. Rxa6 Rxc4 42. Nxf6 Rh4 43. Nd5 Rd4 44. Ne3 Nxe3+ 45. dxe3
Rd1+ 46. Kf2 Rd2+ 47. Kg3 Re2 48. Rb6 Rxe3+ 49. Kf4 Rb3 50. Kf5 Rb2 51. Rb7+
Kf8 52. h4 b3 53. Ke4 1/2-1/2

[Event "Aeroflot Open 2015"]
[Site "Moscú RUS"]
[Date "2015.03.28"]
[Round "2.20"]
[White "Bukavshin, Ivan"]
[Black "Al-Sayed, Mohammed"]
[Result "1-0"]
[WhiteElo "2618"]
[BlackElo "2511"]
[PlyCount "77"]
[EventDate "2015.03.27"]
[EventType "swiss"]
[EventRounds "9"]
[EventCountry "RUS"]
[Source "lmi"]
[SourceDate "2015.03.27"]

1. d4 Nf6 2. c4 g6 3. Nc3 Bg7 4. e4 d6 5. Nf3 O-O 6. Be2 e5 7. d5 a5 8. Bg5 h6
9. Be3 Ng4 10. Bc1 f5 11. exf5 gxf5 12. g3 Na6 13. Nh4 Nc5 14. O-O e4 15. Bxg4
fxg4 16. Be3 Nd3 17. Nxe4 Ne5 18. Rc1 Nf3+ 19. Nxf3 gxf3 20. Bf4 Bg4 21. Re1
Rxf4 22. gxf4 Qh4 23. Re3 Rf8 24. Ng3 Bd4 25. Re4 Bc5 26. Qf1 Bh3 27. Qe1 Bg4
28. a3 a4 29. Rc3 Kh8 30. f5 Qh3 31. Rxf3 Bxf3 32. Qc3+ Bd4 33. Qxf3 Be5 34.
Qe3 Bxb2 35. Re8 Rxe8 36. Qxe8+ Kh7 37. Qg6+ Kh8 38. f6 Qd7 39. f7 1-0

[Event "Aeroflot Open 2015"]
[Site "Moscú RUS"]
[Date "2015.03.28"]
[Round "2.21"]
[White "Kovalevskaya, Ekaterina"]
[Black "Tregubov, Pavel V"]
[Result "1-0"]
[WhiteElo "2438"]
[BlackElo "2617"]
[PlyCount "121"]
[EventDate "2015.03.27"]
[EventType "swiss"]
[EventRounds "9"]
[EventCountry "RUS"]
[Source "lmi"]
[SourceDate "2015.03.27"]

1. e4 c5 2. Nf3 e6 3. d4 cxd4 4. Nxd4 Nc6 5. Nc3 Nf6 6. Ndb5 d6 7. Bf4 e5 8.
Bg5 a6 9. Na3 b5 10. Nd5 Be7 11. Bxf6 Bxf6 12. c4 b4 13. Nc2 O-O 14. g3 Bg5 15.
h4 Bh6 16. Bh3 Be6 17. Kf1 a5 18. Kg2 Ne7 19. Nxe7+ Qxe7 20. Qd3 Bxh3+ 21. Kxh3
Rac8 22. b3 Rc5 23. Rad1 f5 24. Qxd6 Qxd6 25. Rxd6 fxe4 26. Kg2 Rf3 27. Re1 Rd3
28. Rd1 Rc3 29. Rd8+ Kf7 30. R8d7+ Kg8 31. Rd8+ Kf7 32. R1d7+ Ke6 33. Rd6+ Kf7
34. R8d7+ Ke8 35. Ne3 Bxe3 36. fxe3 Rc6 37. Rd8+ Ke7 38. R6d7+ Ke6 39. Rxg7 Rd6
40. Re8+ Kf5 41. Rxh7 Rxe3 42. Rh5+ Kf6 43. Rexe5 Rd2+ 44. Kh3 Rxa2 45. Rhf5+
Kg7 46. Re7+ Kg8 47. h5 Rf3 48. Rb5 Ra1 49. Rb8+ Rf8 50. Rbb7 Rf6 51. Rxe4 Rf7
52. Ree7 Rxe7 53. Rxe7 Rb1 54. Ra7 Rxb3 55. Rxa5 Rc3 56. c5 Kg7 57. Rb5 Kf6 58.
Kh4 b3 59. g4 Kg7 60. Kg5 Rg3 61. h6+ 1-0

[Event "Aeroflot Open 2015"]
[Site "Moscú RUS"]
[Date "2015.03.28"]
[Round "2.22"]
[White "Anton Guijarro, David"]
[Black "Swayams, Mishra"]
[Result "1/2-1/2"]
[WhiteElo "2614"]
[BlackElo "2440"]
[PlyCount "52"]
[EventDate "2015.03.27"]
[EventType "swiss"]
[EventRounds "9"]
[EventCountry "RUS"]
[Source "lmi"]
[SourceDate "2015.03.27"]

1. d4 Nf6 2. c4 e6 3. Nf3 b6 4. e3 Bb7 5. Bd3 d5 6. b3 Bd6 7. Bb2 Nbd7 8. O-O
O-O 9. Nc3 Ne4 10. Nb5 Be7 11. cxd5 exd5 12. Rc1 c6 13. Nc3 f5 14. Ne2 Bd6 15.
Ne5 Rc8 16. f3 Ng5 17. f4 Ne4 18. Ng3 Qe7 19. Nxe4 fxe4 20. Be2 Rc7 21. Bg4 Nf6
22. Bh3 c5 23. dxc5 bxc5 24. Qe1 Ba6 25. Rf2 Bd3 26. g4 Nd7 1/2-1/2

[Event "Aeroflot Open 2015"]
[Site "Moscú RUS"]
[Date "2015.03.28"]
[Round "2.23"]
[White "Salem, A.R. Saleh"]
[Black "Korobkov, Piotr"]
[Result "1-0"]
[WhiteElo "2603"]
[BlackElo "2423"]
[PlyCount "53"]
[EventDate "2015.03.27"]
[EventType "swiss"]
[EventRounds "9"]
[EventCountry "RUS"]
[Source "lmi"]
[SourceDate "2015.03.27"]

1. e4 e5 2. Nf3 Nf6 3. Nxe5 d6 4. Nf3 Nxe4 5. d4 Be7 6. Bd3 Nf6 7. O-O O-O 8.
Re1 Re8 9. h3 Nbd7 10. c4 c6 11. Nc3 a6 12. Qc2 b5 13. b3 bxc4 14. bxc4 h6 15.
Bf4 Bf8 16. Rxe8 Qxe8 17. Re1 Qd8 18. Ne4 Nb6 19. Nxf6+ Qxf6 20. Bxd6 Qxd6 21.
c5 Qd8 22. cxb6 Be6 23. Bh7+ Kh8 24. Rxe6 fxe6 25. Ne5 Qf6 26. b7 Rd8 27. Bg6
1-0

[Event "Aeroflot Open 2015"]
[Site "Moscú RUS"]
[Date "2015.03.28"]
[Round "2.24"]
[White "Ernst, Sipke"]
[Black "Goganov, Aleksey"]
[Result "1/2-1/2"]
[WhiteElo "2530"]
[BlackElo "2598"]
[PlyCount "81"]
[EventDate "2015.03.27"]
[EventType "swiss"]
[EventRounds "9"]
[EventCountry "RUS"]
[Source "lmi"]
[SourceDate "2015.03.27"]

1. d4 Nf6 2. c4 e6 3. g3 c5 4. Nf3 cxd4 5. Nxd4 Qc7 6. Nc3 a6 7. Bg2 Qxc4 8.
Bf4 Nc6 9. Nb3 d5 10. O-O Be7 11. Rc1 Qb4 12. Bc7 O-O 13. a3 Qg4 14. e4 Qxd1
15. Rfxd1 dxe4 16. Nxe4 Nd5 17. Bd6 Bxd6 18. Nxd6 Nce7 19. Na5 Rd8 20. Nxc8
Rdxc8 21. Rxc8+ Rxc8 22. Nxb7 Rb8 23. Nc5 Rxb2 24. Nxa6 g5 25. Ra1 Rb5 26. Nb4
Nc3 27. Kf1 Ned5 28. Bxd5 exd5 29. Ke1 Ra5 30. Kd2 Rxa3 31. Rxa3 Nb1+ 32. Kd3
Nxa3 33. Nxd5 Nb5 34. Ke4 Kg7 35. Kf5 h6 36. Ke5 Na3 37. Ne3 Nb1 38. f4 gxf4
39. Kxf4 Nc3 40. h4 Kg6 41. g4 1/2-1/2